Automatické obohacovanie obsahu webových stránok s využitím paralelného prehliadania webu
Gespeichert in:
| 1. Verfasser: | |
|---|---|
| Weitere Verfasser: | |
| Format: | Manuskript Buch |
| Sprache: | Slowakisch |
| Schlagworte: | |
| Online-Zugang: | http://is.stuba.sk/zp/portal_zp.pl?podrobnosti=104350 |
| Tags: |
Keine Tags, Fügen Sie das erste Tag hinzu!
|
MARC
| LEADER | 00000ntm a22000003a 4500 | ||
|---|---|---|---|
| 001 | stuzp48001 | ||
| 003 | SK-STU | ||
| 005 | 20150617230331.2 | ||
| 007 | ta | ||
| 008 | 150427s2015----xo-----f-mn---000-0-slo-d | ||
| 040 | |a STU |b slo | ||
| 041 | 0 | |a slo | |
| 100 | 1 | |a Račko, Michal |u 070200 |4 aut |U FIIT Fakulta informatiky a informačných technológií |T FIIT Ústav informatiky a softvérového inžinierstva |X 64434 |U I200 |Y 179 |7 A000064434 | |
| 242 | 0 | 1 | |a Automatic web content enrichment using parallel web browsing |y eng |
| 245 | 1 | 0 | |a Automatické obohacovanie obsahu webových stránok s využitím paralelného prehliadania webu |
| 650 | 4 | |a obohacovanie obsahu |2 slo | |
| 650 | 4 | |a externé zdroje |2 slo | |
| 650 | 4 | |a paralelné prehliadanie |2 slo | |
| 650 | 4 | |a external sources |2 eng | |
| 650 | 4 | |a parallel browsing |2 eng | |
| 650 | 4 | |a web content enrichment |2 eng | |
| 700 | 1 | |a Labaj, Martin, |d 1988- |4 ths |X 36263 |7 36263 | |
| 856 | 4 | |u http://is.stuba.sk/zp/portal_zp.pl?podrobnosti=104350 | |
| SQL | |a stuzp48001 |b DDP |c SLO |d Automatické obohacovanie obsahu webových stránok s využitím paralelného prehliadania webu |e 64434 |f Račko, Michal |g 070200 |h 36263 |i Labaj, Martin |j 20140610 |k 211 |l 07 |m http://is.stuba.sk/zp/portal_zp.pl?podrobnosti=104350 | ||